| 000 | 00545nam a22002057a 4500 | ||
|---|---|---|---|
| 003 | SCME | ||
| 005 | 20170105105740.0 | ||
| 008 | 160523t xxu||||| |||| 00| 0 eng d | ||
| 040 | _cSCME | ||
| 100 |
_aNaeem Khalid _91360 |
||
| 245 | _aNumerical and experimental study of wave shaper effects on detonation wave front | ||
| 250 | _a2016 | ||
| 260 |
_aIslamabad _c2016 |
||
| 300 | _c58p. | ||
| 546 | _aEnglish | ||
| 563 | _aHBC | ||
| 690 |
_aEngineering science _91361 |
||
| 700 |
_aDr.Arshad Hussain _91362 |
||
| 942 |
_2ddc _cREF _k620.110 N139N |
||
| 999 |
_c28648 _d28648 |
||